'H' Movies by Picture II Quiz Stats

Quiz Updated Nov 18, 2014

Challenge
Share
Tweet
Score 0/24 Timer 06:00
5 Plays Today
% Correct
The Hunger Games
89.9%
The Hobbit: An Unexpected Journey
87.2%
Honey, I Shrunk the Kids
87.1%
Horton Hears a Who
79.7%
Hitch
76.6%
Hannibal
65.1%
Homeward Bound
64.5%
How to Lose a Guy in 10 Days
55.9%
Harry and the Hendersons
55.7%
Horrible Bosses
55.6%
Hop
45.8%
The Hurricane
45.2%
% Correct
Hamlet
39.4%
High Fidelity
38%
The Hours
33.5%
The Hot Chick
32.9%
Harvey
32.8%
The Happening
30.7%
Hello, Dolly!
29.8%
Henry V
29.5%
Hoffa
21.4%
Hustle and Flow
20.4%
Heaven Can Wait
17.5%
Howards End
12.3%

You're not logged in!

Compare scores with friends on all Sporcle quizzes.
Join for Free
OR
Log In

You Might Also Like...

Show Comments

Extras

Top Quizzes Today


Score Distribution

Your Account Isn't Verified!

In order to create a playlist on Sporcle, you need to verify the email address you used during registration. Go to your Sporcle Settings to finish the process.

Report this User

Report this user for behavior that violates our Community Guidelines.

Details: